000 01071nam a22003377a 4500
003 CHAP
005 20220329135857.0
008 971013s1927 r 00010 d
010 _a43698
011 _a44670
035 _a48808
040 _cCHAP
082 _a530
_bF85
100 0 0 _aFuller, Robert W.
_943940
245 _aElementary principles of physics, laboratory excercises
260 _aBoston :
_bAllyn and Baconi,
_c1927
300 _a290 p.
_b: ilus.
590 _aBATCH-UPD
_b10
_c20130110
_lUCH01
_h0143
590 _aBATCH-UPD
_b10
_c20130110
_lUCH01
_h2138
590 _aBATCH-UPD
_b10
_c20130409
_lUCH01
_h2142
590 _aBATCH-UPD
_b10
_c20130410
_lUCH01
_h1447
590 _aBATCH-UPD
_b10
_c20130914
_lUCH01
_h0530
590 _aCONVERSION
_b10
_c20130109
_lUCH01
_h1324
650 1 4 _aFísica
_xExperimentos.
_941981
650 1 4 _aFísica
_xManuales de laboratorio.
_941989
700 0 _aBaker, Lee D.
_99553
700 0 _aBrownlee, Raymond B.
_915715
901 _aBK
942 _cLIBRO
949 _a530 F85
_bBC
_cBPP
_d-110342
_eBPP
_h53096
_i48808
_mD
_si
999 _c43698
_d43698